00487nam a2200121Ia 4500008004100000082002200041100001400063245008600077260002400163365000600187630008600193730008600279100415s9999 xx 000 0 und d b18251a719.32(54) aSINGH, HS aManagement Plan for Marine National Park & Sanctuary - Jamnagar: (OVERSIZED BOOK) aJAMNAGARc1994bMNP b0 aManagement Plan for Marine National Park & Sanctuary - Jamnagar: (OVERSIZED BOOK) aManagement Plan for Marine National Park & Sanctuary - Jamnagar: (OVERSIZED BOOK)